00615nam a2200181Ia 4500008004100000020002600041040001900067041001200086082002700098100002000125245007000145260004400215300003500259504001900294650002000313651008000333850002000413131103s9999 xx 000 0 und d a056320405 2c4.95 pds aLoreto College aEnglish a635.9/HAMbLCLIB/38078 aHamilton, Geoff aGoing to potb a practical guide to house plants cGeoff Hamilton aLondonbBritish Broadcasting Corpc1985 a128 p.b ill., photosc 10 cm. aIncludes index aFloriculture -  aGarden crops (Horticulture) - Vegetables - Flowers and ornamental plants -  aLCLIB/635.9/HAM